000 02702namaa2200373uu 4500
001 doab38153
003 oapen
005 20260305123947.0
006 m o d
007 cr|mn|---annan
008 210210s2019 xx |||||o ||| 0|eng d
040 _aoapen
_coapen
041 0 _aeng
042 _adc
072 7 _aMBX
_2bicssc
720 1 _aSzreter, Simon
_4edt
245 0 0 _aThe Hidden Affliction
_bSexually Transmitted Infections and Infertility in History
260 _aRochester
_bUniversity of Rochester Press
_c2019
300 _a1 online resource (450 p.)
336 _atext
_btxt
_2rdacontent
337 _acomputer
_bc
_2rdamedia
338 _aonline resource
_bcr
_2rdacarrier
506 0 _aFree-to-read
_fUnrestricted online access
_2star
520 _aA multidisciplinary group of prominent scholars investigates the historical relationship between sexually transmitted infections and infertility. Untreated gonorrhea and chlamydia cause infertility in a proportion of women and men. Unlike the much-feared venereal disease of syphilis--"the pox"--gonorrhea and chlamydia are often symptomless, leaving victims unaware of the threat to their fertility. Science did not unmask the causal microorganisms until the late nineteenth and twentieth centuries. Their effects on fertility in human history remain mysterious. This is the first volume to address the subject across more than two thousand years of human history. Following a synoptic editorial introduction, part 1 explores the enigmas of evidence from ancient and early modern medical sources. Part 2 addresses fundamental questions about when exactly these diseases first became human afflictions, with new contributions from bioarcheology, genomics, and the history of medicine, producing surprising new insights. Part 3 presents studies of infertility and its sociocultural consequences in nineteenth- and twentieth-century Africa, Oceania, and Australia. Part 4 examines the quite different ways the infertility threat from STIs was perceived--by scientists, the public, and government--in late nineteenth- and early twentieth-century Germany, France, and Britain, concluding with a pioneering empirical estimate of the infertility impact in Britain.
540 _aAll rights reserved
_uhttp://oapen.org/content/about-rights
546 _aEnglish
650 7 _aHistory of medicine
_2bicssc
653 _aMedical & Scientific History
653 _aModern History
653 _aRochester Studies in Medical History
720 1 _aSzreter, Simon
_4oth
793 0 _aDOAB Library.
856 4 0 _uhttps://directory.doabooks.org/handle/20.500.12854/38153
_70
_zFree-to-read: DOAB: description of the publication
999 _c92802
_d92802